| 000 | 00337nam a22001457a 4500 | ||
|---|---|---|---|
| 020 | _qPB. | ||
| 040 | _cFIZZA ISHAQ | ||
| 082 |
_a003.353 _bDAV |
||
| 100 |
_aKELTON,DAVID. _991145 |
||
| 245 |
_aSIMULATION WITH ARENA / _cDAVID KELTON. |
||
| 250 | _a6th ED. | ||
| 260 |
_aMC GRAW HILL ; _c2015. |
||
| 300 | _a635 P. ; | ||
| 942 |
_2ddc _cBK |
||
| 999 |
_c589302 _d589302 |
||